000 00475nam a2200145Ia 4500
003 OSt
005 20260120143205.0
008 211028s2014 xx 000 0 und d
040 _cAIMIT LIBRARY
041 _aeng
100 _aJunidh, Mohammed; Shetty,Prathibha.
_g1216068
_97182
245 _aStudy on the factors affecting the buying motives of Hyundai on car with special reference to popular Hyundai /
260 _aMangaluru
_bPrathibha Shetty
_c2014
942 _2ddc
_cPRO
999 _c218752
_d218752